| 000 | 00386nam a22001697a 4500 | ||
|---|---|---|---|
| 003 | OSt | ||
| 005 | 20211115153844.0 | ||
| 008 | 211115b |||||||| |||| 00| 0 eng d | ||
| 020 | _a043580590 | ||
| 040 | _cHU | ||
| 082 | _a371.20/MAC | ||
| 100 |
_aNEVIN MCALEESE _918453 |
||
| 245 | _aBALANCING THE BOOKS | ||
| 260 |
_aUSA _bHALL _c2000 |
||
| 300 | _a120P | ||
| 942 |
_2ddc _cBOOKS _n0 |
||
| 999 |
_c18309 _d18309 |
||